Ψυχοπαιδαγωγική : θέματα παιδαγωγικής ψυχολογίας, παιδείας, διδακτικής και μάθησης

Αποθηκεύτηκε σε:
Λεπτομέρειες βιβλιογραφικής εγγραφής
Κύριος συγγραφέας: Φράγκος, Χρήστος Π. 1927-
Μορφή: Βιβλίο
Γλώσσα:Greek
Δημοσίευση: Αθήνα : Gutenberg, 1998
Έκδοση:35η έκδ.
Σειρά:Παιδαγωγική σειρά
Θέματα:
Ετικέτες: Προσθήκη ετικέτας
Δεν υπάρχουν, Καταχωρήστε ετικέτα πρώτοι!

MARC

LEADER 00000cam a2200000 i 4500
001 1/70971
008 990226s1998 gre d
020 |a 960-01-0418-2 
035 |l 10048226 
040 |a GR-MY-UA  |b gre  |e aacr 
041 0 |a gre 
082 0 |a 370.15 
100 1 |a Φράγκος, Χρήστος Π.  |d 1927- 
245 1 0 |a Ψυχοπαιδαγωγική :  |b θέματα παιδαγωγικής ψυχολογίας, παιδείας, διδακτικής και μάθησης /  |c Χρ. Π. Φράγκου 
250 |a 35η έκδ. 
260 |a Αθήνα :   |b Gutenberg,   |c 1998 
300 |a 444 σ. 
490 1 |a Παιδαγωγική σειρά 
504 |a Περιλαμβάνει βιβλιογραφικές αναφορές 
650 0 0 |a Child psychology. 
650 0 0 |a Educational psychology. 
830 0 |a Παιδαγωγική σειρά 
852 |a INST  |b RHODES  |e 19990226  |h 370.15 ΦΡΑ  |p 005400015516  |q 005400015516  |t BK  |y 0 
852 |a INST  |b SYROS  |e 20010125  |h 370.15 ΦΡΑ  |p 005500001527  |q 005500001527  |t BK  |y 0 
901 |a BIBL-1999-1 
901 |a BIBL5-2001-1 
909 |a Ρ  |b 056560  |c 1998 
909 |a Ε  |b 084175 
922 |a 4ΕΛΗ  |b 199805  |c ΚΠΣ/Ν  |d EMVASIS 
970 |a ΚΟΝΤΟΥ  |b ΠΑΡΑΣΚΕΥΗ  |z 2001/01/25